|
|
|
|
| LEADER |
00000cam a22000004a 4500 |
| 001 |
musev2_71873 |
| 003 |
MdBmJHUP |
| 005 |
20230905051414.0 |
| 006 |
m o d |
| 007 |
cr||||||||nn|n |
| 008 |
191203s2019 xx o 00 0 eng d |
| 020 |
|
|
|a 9781526144270
|
| 020 |
|
|
|z 9781784994129
|
| 020 |
|
|
|z 1526144271
|
| 035 |
|
|
|a (OCoLC)1142307111
|
| 040 |
|
|
|a MdBmJHUP
|c MdBmJHUP
|
| 100 |
1 |
|
|a Kiwan, Nadia.
|
| 245 |
1 |
0 |
|a Secularism, Islam and public intellectuals in contemporary France /
|
| 264 |
|
1 |
|a MANCHESTER :
|b MANCHESTER UNIV PRESS,
|c 2019.
|
| 264 |
|
3 |
|a Baltimore, Md. :
|b Project MUSE,
|c 2020
|
| 264 |
|
4 |
|c ©2019.
|
| 300 |
|
|
|a 1 online resource (256 pages).
|
| 336 |
|
|
|a text
|b txt
|2 rdacontent
|
| 337 |
|
|
|a computer
|b c
|2 rdamedia
|
| 338 |
|
|
|a online resource
|b cr
|2 rdacarrier
|
| 588 |
|
|
|a Description based on print version record.
|
| 650 |
|
7 |
|a HISTORY / Europe / France
|2 bisacsh
|
| 650 |
|
0 |
|a Intellectuals
|z France.
|
| 650 |
|
0 |
|a Islam
|z France.
|
| 650 |
|
0 |
|a Secularism
|z France.
|
| 655 |
|
7 |
|a Electronic books.
|2 local
|
| 710 |
2 |
|
|a Project Muse.
|e distributor
|
| 830 |
|
0 |
|a Book collections on Project MUSE.
|
| 856 |
4 |
0 |
|z Texto completo
|u https://projectmuse.uam.elogim.com/book/71873/
|
| 945 |
|
|
|a Project MUSE - Custom Collection
|
| 945 |
|
|
|a Project MUSE - 2020 Complete
|
| 945 |
|
|
|a Project MUSE - 2020 History
|